000 00817nam a2200265Ia 4500
003 OSt
005 20220927110956.0
006 a|||||r|||| 00| 0
007 ta
008 220926b |||||||| |||| 00| 0 eng d
024 _a122002
037 _cReports
040 _aRTL
_cRTL
_beng
041 _2eng
_aeng
082 _a"T.2.N8, M0/GD"
110 _aGovt of India. Educational and Culture (M/O-)
_9381007
245 0 _aReport of the secretary general 1978-80
260 _aNasik
_bManager of Publication India
_c1980
300 _a84p.
_ccm.
500 _aIndian National Commission for Co-operation with Unesco
650 _aEducation
700 _aGovt of India. Educational and Culture (M/O-)
_9381008
942 _h"T.2.N8, M0/GD"
_cCC
999 _c698427
_d698427